| LEADER 00000nama 2200000uu 4500 |
| 008 040531s|||| th m m a000 0 tha d |
| 041 tha |
| 050 วจ WS105 ณ431ก 2551 |
| 100 ณิชกานต์ นาควิโรจน์...[และคนอื่นๆ]. |
| 245 การพัฒนามาตราฐานการดูแลเพื่อส่งเสริมการเจริญเติบโตและพัฒนาการเด็กในศูนย์พัฒนาเด็กเล็กก่อนวัยเรียน วิทยาลัยพยาบาลบรมราชชนนี สงขลา/ณิชกานต์ นาควิโรจน์...[และคนอื่นๆ]. |
| 260 สงขลา. วิทยาลัยพยาบาลบรมราชชนนี สงขลา. 2551. |
| 300 157แผ่น. |
| 600 I.วิทยาลัยพยาบาลบรมราชชนนี สงขลา. |
| 650 1.มาตราฐาน--เด็ก--การเจริญเติบโต 2.การดูแล--มาตราฐาน--พัฒนาการเด็ก 3.พัฒนาการเด็ก 5.เด็ก,การดูแล 6.เด็กก่อนวัยเรียน. |
| 995 004 |